000 00718nam a2200289Ia 4500
005 20260324123146.0
008 008 260324s9999 xx 000 0 eng d
020 _a9781003578086
037 _aEBOOK
040 _aCRL
040 _beng
040 _cCRL
041 _2eng
041 _aeng
084 _qCRL
100 _aTsonko Kolev; Bojidarka Ivanova
_91169246
245 0 _aLinearly Polarized IR Spectroscopy
245 0 _bTheory and Applications for Structural Analysis
260 _bTaylor and Francis
260 _c2012
365 _a
365 _b435
856 _uhttp://www.taylorfrancis.com/books/9781003578086
942 _cEBOOK
999 _c1762523
_d1762523